LEADER 01420nam a2200277 4500 001 000000366951 003 CaOOAMICUS 005 20260326154911.0 008 260320s1996 it 000 u ita r 020 $a88-7741-983-0 040 $aSeMil$bita 100 1 $aRonzani, Mauro,$d<1953- >.$0(OLS)http://semarc/name/85403 245 10$aChiesa e «Civitas» di Pisa nella seconda metą del secolo 11. :$bdall'avvento del vescovo Guido all'elevazione di Daiberto a metropolita di Corsica (1060-1092) /$cMauro Ronzani. 264 1$aPisa :$bGISEM - Edizioni ETS,$c1996. 300 $a284 p. ;$c21 cm 490 1 $aPiccola Biblioteca Gisem ;$v9 650 4$aPisa - Storia religiosa.$0(OLS)http://semarc/subject/44484 650 4$aPisa - Storia - Sec. 11.$0(OLS)http://semarc/subject/59870 830 0$aPiccola Biblioteca Gisem ;$v9.$0(OLS)http://semarc/title/11833 850 $aSeMil 852 $aSeMil$W1$xVenegono$y1$m3T I 97$j269142$B257694$CSeMilBibl$Z2$F257694 $81 961 $aPerego don Stefano - Omaggio 996 $6020$a88-7741-983-0$9(OLS)http://semarc/number/305550 996 $6245$aChiesa e «Civitas» di Pisa nella seconda metą del secolo 11. :$bdall'avvento del vescovo Guido all'elevazione di Daiberto a metropolita di Corsica (1060-1092)$9(OLS)http://semarc/title/458758 996 $6264$aPisa :$bGISEM - Edizioni ETS$9(OLS)http://semarc/publisher/62954